00669nam a2200145 a 4500008004100000050001900041100001900060245014800079260009600227300001900323350000900342500010700351650003300458650003200491070425s2006 ||||||||||||||||| || u aTHESIS/STUDENT aMwenda, Davies14aThe feasibility of inclusionary zoning in the provision of affordable housing in Zambiacthesis by Davies Mwenda and supervised by Roy Chileshe aKitwebCopperbelt University, School of Built Environment, Department of Real Estatesc2006 axii;87p.; ill. a0.00 athesis submitted in partial fulfilment for the award of the Bachelor of Science degree in Land Economy aZAMBIA--HOUSING PROJECT UNIT aHOUSING DEVELOPMENT--ZAMBIA